Central Library OPAC University of Rajshahi

Money, debt, and economic activity / (Record no. 58809)

MARC details
000 -LEADER
fixed length control field 01020nam a2200337 a 4500
001 - CONTROL NUMBER
control field 58809
003 - CONTROL NUMBER IDENTIFIER
rucl marc code BD-RjUL
005 - DATE AND TIME OF LATEST TRANSACTION
control field 20211209080647.0
008 - FIXED-LENGTH DATA ELEMENTS--GENERAL INFORMATION
fixed length control field 161220s1961 njua b 000 0 eng
035 ## - SYSTEM CONTROL NUMBER
System control number MITb10482719
System control number (BD-RjUL)58933
System control number GLIS00482719
040 ## - CATALOGING SOURCE
Original cataloging agency DLC
Transcribing agency DLC
Modifying agency SER
-- m.c.
-- RCD
Language of cataloging eng
041 ## - LANGUAGE CODE
Language code of text/sound track or separate title eng
082 ## - DEWEY DECIMAL CLASSIFICATION NUMBER
Edition number 23
Classification number 332.4
Author mark and year HAM 1961
090 ## - LOCALLY ASSIGNED LC-TYPE CALL NUMBER (OCLC); LOCAL CALL NUMBER (OCLC)
Classification number (OCLC) (R) ; Classification number, CALL (RLIN) (NR) HG221
Local cutter number (OCLC) ; Book number/undivided call number, CALL (RLIN) .H325 1961
099 ## - LOCAL FREE-TEXT CALL NUMBER (OCLC)
Bangla Class number HG221.H325 1961
100 1# - MAIN ENTRY--PERSONAL NAME
Personal name Hart, Albert Gailord,
Dates associated with a name 1909-1997.
9 (RLIN) 174834
245 10 - TITLE STATEMENT
Title Money, debt, and economic activity /
Statement of responsibility, etc. [by] Albert Gailord Hart [and] Peter B. Kenen.
250 ## - EDITION STATEMENT
Edition statement 3rd ed.
260 ## - PUBLICATION, DISTRIBUTION, ETC. (IMPRINT)
Place of publication, distribution, etc. Englewood Cliffs, N.J. :
Name of publisher, distributor, etc. Prentice-Hall,
Date of publication, distribution, etc. 1961.
300 ## - PHYSICAL DESCRIPTION
Pagination 513 p. :
Illustrations ill. ;
Size 24 cm.
504 ## - BIBLIOGRAPHY, ETC. NOTE
Bibliography, etc Includes bibliographical references.
650 #0 - SUBJECT ADDED ENTRY--TOPICAL TERM
Topical term or geographic name as entry element Money.
9 (RLIN) 173782
Topical term or geographic name as entry element Banks and banking.
9 (RLIN) 173228
Topical term or geographic name as entry element Business cycles.
9 (RLIN) 172630
700 1# - ADDED ENTRY--PERSONAL NAME
Personal name Kenen, Peter B.,
Dates associated with a name 1932-2012.
942 ## - ADDED ENTRY ELEMENTS (KOHA)
Source of classification or shelving scheme Dewey Decimal Classification
Koha item type Books
949 ## - LOCAL PROCESSING INFORMATION (OCLC)
a MYGD
Holdings
Lost status Source of classification or shelving scheme Damaged status Not for loan Collection code Permanent Location Current Location Shelving location Date acquired Total Checkouts Full call number Date last seen Copy number Koha item type
  Dewey Decimal Classification   Not For Loan Non-fiction Central Library, University of Rajshahi Central Library, University of Rajshahi Reading Room 20/12/2016   332.4 HAM 1961 20/12/2016 C-1 Books